Z histórie Európského bankovníctva /

Salvato in:
Dettagli Bibliografici
Autore principale: Dufala, Václav (Autore)
Natura: Libro
Lingua:slovacco
Pubblicazione: Bratislava : Perex, 1996
Soggetti:
Tags: Aggiungi Tag
Nessun Tag, puoi essere il primo ad aggiungerne!!

MARC

LEADER 00000nam a22000003a 4500
001 stu7625
005 20150617225806.6
008 970710s1996----xo------------------slo-d
020 |a 80-967105-5-9 
040 |a STU  |b slo 
041 0 |a slo 
044 |a xo 
080 |a 336.71 
080 |a 061.1(4-15)EU 
100 1 |a Dufala, Václav  |4 aut 
245 1 |a Z histórie Európského bankovníctva /  |c [aut.] Dufala,Václav 
260 |a Bratislava :  |b Perex,  |c 1996 
300 |a 164 s 
650 7 |a bankovníctvo  |2 stusub 
650 7 |a Európske spoločenstvo  |2 stusub 
650 7 |a Európska únia  |2 stusub 
996 |b E81290  |c R*81290  |l RRUM  |s A  |a 24  |w stu7625_0001